Flags of Non-Recognized Countries and Territories of the World - Statistics

General Stats
  • This quiz has been taken 5,057 times
  • The average score is 28 of 52
Answer Stats
Picture Answer % Correct
Hong Kong
88%
Faroe Islands
86%
Greenland
83%
Isle of Man
82%
Palestine
82%
Puerto Rico
82%
Guam
76%
Macau
74%
Gibraltar
73%
U.S. Virgin Islands
69%
American Samoa
67%
Western Sahara
67%
Northern Cyprus
66%
Christmas Island
65%
Guernsey
65%
Aruba
63%
New Caledonia
63%
Niue
62%
Jersey
61%
Cook Islands
60%
Transnistria
60%
Norfolk Island
56%
Somaliland
56%
Abkhazia
53%
Bermuda
53%
Curaçao
52%
French Guiana
51%
French Polynesia
51%
Montserrat
51%
Falkland Islands
50%
Tokelau
50%
Anguilla
49%
Cocos (Keeling) Islands
49%
Martinique
48%
Artsakh
47%
Caribbean Netherlands
47%
Guadeloupe
47%
South Ossetia
47%
Saint Pierre and Miquelon
45%
British Virgin Islands
44%
Northern Mariana Islands
43%
Réunion
43%
Turks and Caicos Islands
42%
Mayotte
39%
Wallis and Futuna
39%
Sint Maarten
38%
Saint Helena, Ascension, and Tristan da Cunha
34%
Cayman Islands
33%
Pitcairn Islands
32%
Saint Barthélemy
29%
Saint Martin
15%
Svalbard and Jan Mayen
11%
No matching quizzes found
Score Distribution
Percent of People with Each Score
Percentile by Number Answered
Your Score History
You have not taken this quiz